Loading...

Economic&Political Weekly Vol.XLI(10-16)2006

Bibliographic Details
Main Author: EPW
Format: Printed Book
Language:Undetermined
English
Published: New Delhi EPW 2006
Subjects:
LEADER 00487nam a2200145Ia 4500
008 140306s9999 xx 000 0 und d
041 |a eng 
082 |a 330  |b EPW 
100 |a EPW 
245 |a Economic&Political Weekly Vol.XLI(10-16)2006 
260 |a New Delhi  |b EPW  |c 2006 
650 |a Economic &Political Weekly 
942 |2 ddc  |c BK 
999 |c 124284  |d 124284 
952 |0 0  |1 0  |2 ddc  |4 0  |6 330_000000000000000_EPW  |7 0  |9 124245  |a KAUHCV  |b KAUHCV  |d 2014-01-24  |o 330 EPW  |p KAU_HCV-BV-4501  |r 2014-03-22  |w 2014-03-22  |y BK